| 000 | 00450nam a22001457a 4500 | ||
|---|---|---|---|
| 003 | SGT | ||
| 082 |
_a616.024 _bA23B |
||
| 100 | _aBHARDWAJ, CHANDRAMOHAN | ||
| 245 | _aA STUDY OF CORRELATION OF SERUM URIC ACID LEVELS WITH PRIMARY HYPERTENSION AND EFFECTS OF ANTIHYPERTENSIVE (AMLODIPINE, CLINIDIPINE) ON SERUM URIC ACID LEVELS | ||
| 260 |
_aGURUGRAM _bSGT UNIVERSITY _c2023 |
||
| 300 | _a66 | ||
| 650 | _aMEDICINE | ||
| 653 | _aM.D | ||
| 942 |
_2ddc _cTH |
||
| 999 |
_c26595 _d26595 |
||